000 00822aam a2200301 4500
005 20260303173129.0
008 150618b2002 xxu||||| |||| 00| 0 spa d
020 _a9508943734
041 _aESP
082 _a364.1 T693d
100 _aTorres, Sergio Gabriel
_925000
100 _aMarrazzo, Laura Marcela
_925001
245 _aDiscriminación y delincuencia: indicios de una problemática
260 _aArgentina
260 _bAd-Hoc
260 _c2002
300 _a123 páginas
490 _aInvestigación Criminal
650 _aDELINCUENCIA
650 _aDISCRIMINACIÓN
650 _aANáLISIS PSICOLÓGICO
650 _aCONTROL SOCIAL
650 _aEFECTOS DE LA DISCRIMINACIÓN
650 _aDESOCUPACIÓN
650 _aINCIDENCIA EN EL DELITO
650 _aDELITO SOCIAL
942 _cBK
_2ddc
999 _c2921
_d2921